Nová geopolitická ekonomická pluralita globálneho sveta 21. storočia
Základnou kvalitatívnou geopolitickou zmenou 21. storočia je ukončenie globálnej dominancie USA a Západného sveta v prospech plurality globálnej nadvlády sveta rozvojových krajín skupiny BRICS – najmä Číny, Indie, Brazílie, Južnej Afriky a určite aj veľmi ambicióznej Ruskej federácie. Konkrétne Čína...
Uložené v:
| Hlavný autor: | |
|---|---|
| Ďalší autori: | |
| Médium: | Kapitola |
| Jazyk: | Slovak |
| Predmet: | |
| Tagy: |
Žiadne tagy, Buďte prvý, kto otaguje tento záznam!
|
MARC
| LEADER | 00000nla a2200000 4500 | ||
|---|---|---|---|
| 001 | 0179770 | ||
| 005 | 20240502073045.4 | ||
| 041 | 0 | |a slo | |
| 044 | |a SK | ||
| 245 | 1 | 0 | |a Nová geopolitická ekonomická pluralita globálneho sveta 21. storočia |c Vítězslav Balhar, Vítězslav Balhar, jr. |
| 520 | |a Základnou kvalitatívnou geopolitickou zmenou 21. storočia je ukončenie globálnej dominancie USA a Západného sveta v prospech plurality globálnej nadvlády sveta rozvojových krajín skupiny BRICS – najmä Číny, Indie, Brazílie, Južnej Afriky a určite aj veľmi ambicióznej Ruskej federácie. Konkrétne Čína sa v roku 2009 stala – po USA – druhou najsilnejšou ekonomikou sveta a v nasledujúcom roku aj prvou exportnou krajinou globálneho sveta. Doterajšie prvoradé politické, ekonomické aj vedecké postavenie USA a Západného sveta svojim obrovským zadlžením aj hlbokým krízovým stavom postupne stále viac ustupujú novej dominancii rozvojového sveta. Hodnotenie uvedenej postupnej dominancie globálneho sveta v prospech plurality vedúcich krajín BRICS v projekcii rokov 2020 a 2050. | ||
| 610 | 2 | 0 | |a politika medzinárodná |
| 610 | 2 | 0 | |a geopolitika |
| 610 | 2 | 0 | |a vzťahy medzinárodné |
| 610 | 2 | 0 | |a BRICS |
| 100 | 1 | |a Balhar, Vítězslav | |
| 700 | 1 | |a Balhar, Vítězslav, Jr. | |